Mots qui contiennent un double M (click quiz) - Statistiques

Statistiques générales
  • Ce quiz a été pris 39 fois
  • Le résultat moyen est 5 sur 8
Statistiques - réponses
Hint Réponse % Correct
Organigrammme 2
92%
Vidéogrammme 2
89%
Sympatiquemmment 1
78%
Réanimmmer 1
78%
Télécommmande 2
78%
Sommmité 2
56%
Sommmatiser 1
50%
Remmmancher 2
22%
Aucun quiz correspondant
Distribution des résultats
% des personnes avec chaque résultat
Percentile par nombre de réponses
Votre historique - résultats
Vous n’avez pas pris ce quiz